| 000 | 00645nam a2200229Ia 4500 | ||
|---|---|---|---|
| 003 | OSt | ||
| 005 | 20221007080522.0 | ||
| 006 | a|||||r|||| 00| 0 | ||
| 007 | ta | ||
| 008 | 221006b |||||||| |||| 00| 0 eng d | ||
| 024 | _a11,658 | ||
| 037 | _cTextual | ||
| 040 |
_aFLL _cFLL _beng |
||
| 041 |
_2eng _aeng |
||
| 082 | _aV2:20j3(Q):Z, M7 | ||
| 100 |
_aChaudhari R.L. Au. _9694974 |
||
| 245 | 0 | _aConcept of secularism in indian constitution | |
| 260 |
_aNew Delhi _bUppal publishing house India _c1987 |
||
| 300 |
_a236p _ccm. |
||
| 942 |
_hV2:20j3(Q):Z, M7 _cTEXL _2CC |
||
| 999 |
_c1159944 _d1159944 |
||